[Event "Xtracon Chess Open 2018"]
[Site "Elsinore"]
[Date "2018.07.24"]
[Round "5"]
[White "Mejvik, Jacob"]
[Black "Myrheim, Hakon Abeland"]
[Result "0-1"]
[WhiteElo "2099"]
[BlackElo "1888"]
[EventDate "2018.07.21"]
[WhiteFideId "1710621"]
[BlackFideId "1526820"]

1.Nf3 d5 2.d4 Nf6 3.c4 e6 4.g3 dxc4 5.Bg2 a6 6.O-O Nc6 7.e3 Bd7 8.Qe2 b5 
9.Ne5 Nd5 10.Nxd7 Qxd7 11.Rd1 Rd8 12.a4 Be7 13.axb5 axb5 14.b3 cxb3 15.e4 
Nxd4 16.Rxd4 Nf4 17.Bxf4 Qxd4 18.Qxb5+ Kf8 19.Be5 Qd1+ 20.Bf1 f6 21.Bc3 
Kf7 22.Na3 Qf3 23.Qxb3 Rd2 24.Bxd2 Qxb3 25.Nc4 Bc5 26.Rc1 Rd8 27.Be1 Rd1 
28.Na5 Qa4 29.Rc4 Qa3 30.Bc3 Rc1 31.Bd2 Rxc4 32.Nxc4 Qf3 33.Be1 Qxe4 34.
Bd2 Qf3 35.Be1 Bd4 36.Na5 c5 37.Nc4 Ke7 38.Na5 g5 39.Nc4 h5 40.Na5 h4 41.
gxh4 Qg4+ 42.Kh1 Qe4+ 0-1

[Event "Xtracon Chess Open 2018"]
[Site "Elsinore"]
[Date "2018.07.24"]
[Round "5"]
[White "Naesborg, Jens-Ole"]
[Black "Besq, Alexander Le"]
[Result "0-1"]
[WhiteElo "1866"]
[BlackElo "2097"]
[EventDate "2018.07.21"]
[WhiteFideId "1443577"]
[BlackFideId "1437089"]

1.f4 d5 2.Nf3 c5 3.g3 Nc6 4.Bg2 Nf6 5.d3 Bf5 6.O-O e6 7.Na3 Bd6 8.Nh4 O-O 
9.Nxf5 exf5 10.c4 d4 11.e4 dxe3 12.Bxe3 Ng4 13.Bf2 Be7 14.Bxc6 bxc6 15.h3 
Nxf2 16.Rxf2 Bf6 17.Kg2 Rb8 18.Rb1 Qd6 19.b3 Rbd8 20.Rf3 Rfe8 21.Nc2 Bc3 
22.Re3 Rxe3 23.Nxe3 g6 24.Qf3 Qe6 25.Nd1 Qe1 26.Qf2 Rxd3 27.Qxe1 Bxe1 28.
Nf2 Bxf2 29.Kxf2 Rd2+ 30.Ke3 Rxa2 31.Rd1 Rb2 32.Rd3 Kf8 33.Kf3 Rh2 34.h4 
Rb2 35.Ke3 Ke7 36.Kf3 Ra2 37.Ke3 Ra6 38.Kf3 Rb6 39.Re3+ Kd7 40.Rd3+ Kc7 
41.Re3 a5 42.Re7+ Kb8 43.Re3 Ka7 44.Rc3 Ka6 45.Ke3 a4 46.bxa4 Ka5 47.Rd3 
Kxa4 48.Rd7 Rb3+ 49.Kf2 Kb4 50.Rxf7 Kxc4 51.Rxh7 Kd3 52.Rg7 c4 53.Rxg6 c3 
54.Rxc6 c2 55.Rd6+ Kc3 56.Ke2 c1=Q 57.Rc6+ Kb2 58.Rxc1 Kxc1 59.Kf2 Kd2 60.
h5 Kd3 61.Kg2 Rb1 62.g4 Ke4 63.g5 Kxf4 64.g6 Kg5 0-1

[Event "Xtracon Chess Open 2018"]
[Site "Elsinore"]
[Date "2018.07.24"]
[Round "5"]
[White "Pedersen, Lars Wisler"]
[Black "Jensen, Thore Nyboe"]
[Result "0-1"]
[WhiteElo "1856"]
[BlackElo "2072"]
[EventDate "2018.07.21"]
[WhiteFideId "1417045"]
[BlackFideId "1405349"]

1.e4 c5 2.Nf3 e6 3.d4 cxd4 4.Nxd4 Nf6 5.Bg5 Qa5+ 6.Qd2 Bb4 7.c3 Nxe4 8.
cxb4 Qxg5 9.Qxg5 Nxg5 10.Nb5 Na6 11.Nd2 f5 12.Nd6+ Ke7 13.Bxa6 Kxd6 14.Rd1
Ke7 15.Bb5 a6 16.Ba4 b5 17.Bb3 Bb7 18.f3 Nf7 19.Kf2 Ne5 20.Bc2 Rac8 21.Bb1
Nc4 22.Nxc4 Rxc4 23.a3 Rhc8 24.Rhe1 g6 25.Ke3 e5 26.Bd3 R4c7 27.g4 fxg4 
28.fxg4 d5 29.g5 d4+ 30.Kf2 Kd6 31.Kg3 Rf8 32.Be4 Bxe4 33.Rxe4 Rc2 34.Rde1
Rf5 35.R4e2 Rxe2 36.Rxe2 Rxg5+ 37.Kf3 Kd5 38.Rc2 e4+ 39.Kf2 e3+ 40.Ke1 
Rg1+ 0-1

[Event "Xtracon Chess Open 2018"]
[Site "Elsinore"]
[Date "2018.07.24"]
[Round "5"]
[White "Ufnarovski, Victor"]
[Black "Salerno, Christian"]
[Result "1/2-1/2"]
[WhiteElo "1854"]
[BlackElo "2070"]
[EventDate "2018.07.21"]
[WhiteFideId "1743856"]
[BlackFideId "1310810"]

1.d4 Nf6 2.Nf3 g6 3.c4 Bg7 4.Nc3 d5 5.e3 O-O 6.Be2 c5 7.dxc5 Qa5 8.O-O 
dxc4 9.Qd4 Nc6 10.Qxc4 a6 11.Nd4 Ne5 12.Qb3 Qxc5 13.Na4 Qd5 14.Nb6 Qxb3 
15.Nxb3 Rb8 16.Nxc8 Rbxc8 17.Bd2 Ne4 18.Rac1 Nxd2 19.Nxd2 Rcd8 20.Rc2 Rd7 
21.Rfc1 Rfd8 22.Nf1 Nd3 23.Rb1 b5 24.a3 f5 25.b3 Kf7 26.Rc6 Rd6 27.Rxd6 
Rxd6 28.Rd1 Nc5 29.Rxd6 exd6 30.a4 bxa4 31.bxa4 d5 32.Nd2 Ke7 33.Kf1 a5 
34.Bb5 Kd6 35.Nf3 Ne4 36.Ke1 Kc5 37.Be8 Kb4 38.h4 Nd6 39.Bc6 h6 40.Ke2 Bf6
41.Ke1 1/2-1/2

[Event "Xtracon Chess Open 2018"]
[Site "Elsinore"]
[Date "2018.07.24"]
[Round "5"]
[White "Stray, Gunnar"]
[Black "Nordin, Eric"]
[Result "1/2-1/2"]
[WhiteElo "2048"]
[BlackElo "1872"]
[EventDate "2018.07.21"]
[WhiteFideId "1501631"]
[BlackFideId "1711822"]

1.d4 g6 2.e4 Bg7 3.Nc3 d6 4.Be3 Nf6 5.h3 O-O 6.Nf3 a6 7.a4 Nbd7 8.Be2 e5 
9.dxe5 Nxe5 10.Nxe5 dxe5 11.Bc5 Re8 12.O-O Be6 13.Bf3 Bf8 14.Be3 Qxd1 15.
Rfxd1 Rad8 16.b3 Kg7 1/2-1/2

[Event "Xtracon Chess Open 2018"]
[Site "Elsinore"]
[Date "2018.07.24"]
[Round "5"]
[White "Acikel, Mert"]
[Black "Sandberg, Martin"]
[Result "1-0"]
[WhiteElo "2040"]
[BlackElo "1865"]
[EventDate "2018.07.21"]
[WhiteFideId "12956465"]
[BlackFideId "1707159"]

1.e4 g6 2.d4 Bg7 3.Nc3 d6 4.f4 Nf6 5.Nf3 O-O 6.Bd3 Nc6 7.O-O Bg4 8.Be3 e5 
9.fxe5 dxe5 10.d5 Nd4 11.Bxd4 exd4 12.Ne2 Re8 13.Ng3 c6 14.dxc6 bxc6 15.h3
Bc8 16.Bc4 Qc7 17.e5 Nd5 18.Qxd4 Be6 19.Ne4 Rad8 20.Qf2 Qe7 21.Rae1 Rf8 
22.Qc5 Qd7 23.Neg5 h6 24.Nxe6 fxe6 25.Nd4 Rxf1+ 26.Bxf1 Nf4 27.c3 Rf8 28.
Qxc6 Qf7 29.Kh1 Kh7 30.Bc4 Nh5 31.Nxe6 Qf2 32.Nxf8+ Bxf8 33.Rd1 Ng3+ 34.
Kh2 Qf4 35.Rd7+ Kh8 36.Qf6+ Qxf6 37.exf6 1-0

[Event "Xtracon Chess Open 2018"]
[Site "Elsinore"]
[Date "2018.07.24"]
[Round "5"]
[White "Jonsson, Olafur Gisli"]
[Black "Skaarup, Kasper"]
[Result "0-1"]
[WhiteElo "1844"]
[BlackElo "2037"]
[EventDate "2018.07.21"]
[WhiteFideId "2302705"]
[BlackFideId "1446045"]

1.e4 e6 2.d4 d5 3.Nd2 Nf6 4.e5 Nfd7 5.Bd3 c5 6.c3 Nc6 7.Ne2 cxd4 8.cxd4 f6
9.exf6 Nxf6 10.Nf3 Bd6 11.O-O O-O 12.Bf4 Bxf4 13.Nxf4 Ng4 14.Ne2 Qd6 15.
Ng3 Bd7 16.Bxh7+ Kxh7 17.Ng5+ Kg8 18.Qxg4 e5 19.Qh5 Qh6 20.dxe5 Nxe5 21.f4
Nd3 22.Qxh6 gxh6 23.Nh3 Bxh3 24.gxh3 Nxf4 25.h4 Rad8 26.Rad1 d4 27.Rd2 d3 
28.Ne4 Rd4 29.Nc5 Ne2+ 30.Kg2 Rg4+ 31.Kh3 h5 32.Rxf8+ Kxf8 33.Rxe2 dxe2 
34.Nd3 Rg1 0-1

[Event "Xtracon Chess Open 2018"]
[Site "Elsinore"]
[Date "2018.07.24"]
[Round "5"]
[White "Alquist, Erik"]
[Black "Tenold, Andreas"]
[Result "1-0"]
[WhiteElo "2035"]
[BlackElo "1865"]
[EventDate "2018.07.21"]
[WhiteFideId "1707701"]
[BlackFideId "1525840"]

1.e4 c5 2.Nf3 g6 3.d4 cxd4 4.Nxd4 Bg7 5.c4 Nc6 6.Be3 Nf6 7.Nc3 Ng4 8.Qxg4 
Nxd4 9.Qd1 Ne6 10.Rc1 O-O 11.Bd3 d6 12.O-O Nc5 13.Bb1 Be6 14.b3 Qa5 15.Qd2
a6 16.Nd5 Qd8 17.f4 Bxd5 18.cxd5 Rc8 19.e5 b6 20.b4 Nd7 21.e6 Rxc1 22.Rxc1
fxe6 23.dxe6 Nf6 24.Rc6 b5 25.f5 Qa8 26.Qc1 Nd5 27.Bg5 Bb2 28.Qxb2 Qxc6 
29.Bh6 Rf6 30.Bg5 Rf8 31.g4 gxf5 32.Bxf5 Nf6 33.Bh6 Rc8 34.Qd2 Kh8 35.Qf2 
Qc4 36.h3 Qxb4 37.Kh2 Ne4 38.Qe2 Rc4 39.Bxe4 Qc5 40.Bd3 Rc3 41.Qf3 Qe5+ 
42.Kg2 Rc8 43.Qe4 Qxe4+ 44.Bxe4 a5 45.Kf2 b4 46.Bd2 Kg7 47.Ke3 h5 48.g5 
Rc5 49.Kd4 Re5 50.Bd5 Re2 51.Bf4 Rf2 52.Ke3 Rc2 53.Kd4 Rc3 54.Be3 Rc2 55.
Ke4 Rh2 56.Bb6 a4 57.Bd8 Kf8 58.g6 Rxh3 59.g7+ Kxg7 60.Bxe7 b3 61.axb3 
axb3 62.Bxd6 b2 63.Be5+ Kf8 64.Bxb2 Rh2 65.Ba3+ Kg7 66.Ke5 Rc2 67.Kd6 Re2 
68.e7 Rxe7 69.Kxe7 Kg6 70.Ke6 Kg5 71.Ke5 Kg4 72.Kf6 h4 73.Be6+ Kf4 74.Bd6+
Ke4 75.Kg5 Kd4 76.Kxh4 Ke4 77.Kg3 Kd4 78.Kf4 Kd3 79.Bc5 Kc3 80.Ke4 Kd2 81.
Bb4+ Ke2 82.Bg4+ Kf2 83.Kf4 Kg2 84.Bc5 Kf1 85.Kf3 Ke1 86.Be3 Kd1 87.Bf5 
Ke1 88.Bc2 Kf1 89.Bd2 Kg1 90.Kg3 Kh1 91.Bc3 Kg1 92.Bd4+ Kh1 93.Be4# 1-0

[Event "Xtracon Chess Open 2018"]
[Site "Elsinore"]
[Date "2018.07.24"]
[Round "5"]
[White "Rasmussen, Morten"]
[Black "Fransson, Angelina"]
[Result "0-1"]
[WhiteElo "1837"]
[BlackElo "2035"]
[EventDate "2018.07.21"]
[WhiteFideId "1410865"]
[BlackFideId "1712632"]

1.d4 Nf6 2.c4 g6 3.f3 Bg7 4.e4 d6 5.Nc3 O-O 6.Be3 c5 7.Nge2 Nc6 8.d5 Ne5 
9.Ng3 h5 10.Be2 h4 11.Nf1 e6 12.Bg5 h3 13.g3 exd5 14.Nxd5 Be6 15.Nxf6+ 
Bxf6 16.Bxf6 Qxf6 17.Ne3 Nc6 18.Qd2 Nd4 19.O-O Rab8 20.Nd5 Bxd5 21.cxd5 
Rfe8 22.Rf2 Kg7 23.Qc3 b5 24.Rd1 Rb6 25.Bf1 Rh8 26.f4 b4 27.Qc4 Qe7 28.Qd3
Rbb8 29.Re1 Rbe8 30.Qe3 Qd7 31.Qd2 f6 32.Re3 Re7 33.Qe1 a5 34.b3 Rh5 35.
Be2 Rxd5 36.Bg4 Qe8 37.Bxh3 Rh5 38.Bg4 Rh6 39.Kg2 Qh8 40.h4 Qe8 41.Rd2 Rh8
42.Bf3 Qc6 43.Qd1 Qb6 44.Rdd3 Rhe8 45.Qb1 f5 46.Rd1 Nxf3 47.Kxf3 Rxe4 48.
Rxe4 fxe4+ 49.Ke2 Qc6 50.Qb2+ Kf7 51.Qd2 Ke6 52.Qc2 d5 53.Rc1 Rc8 54.Qb2 
d4 55.Kf1 Qb5+ 56.Kg1 Qd3 57.Kh2 c4 58.bxc4 Rxc4 59.Rxc4 Qxc4 60.Qg2 d3 
61.Qh3+ Kd6 62.Qg4 Qxa2+ 63.Kg1 Qe6 0-1

[Event "Xtracon Chess Open 2018"]
[Site "Elsinore"]
[Date "2018.07.24"]
[Round "5"]
[White "Aase, Olav Idar"]
[Black "Christiansen, Arne"]
[Result "0-1"]
[WhiteElo "1832"]
[BlackElo "2032"]
[EventDate "2018.07.21"]
[WhiteFideId "1502646"]
[BlackFideId "1402013"]

1.e4 d6 2.d4 Nf6 3.Nc3 g6 4.Be3 Bg7 5.Qd2 O-O 6.Bd3 c6 7.f3 b5 8.Nge2 Nbd7
9.g4 a6 10.Nd1 c5 11.c3 cxd4 12.cxd4 e5 13.O-O Bb7 14.d5 Nc5 15.Bc2 Rc8 
16.Ng3 Ne8 17.Kg2 f6 18.h4 Rf7 19.Rh1 Rfc7 20.Bb1 Qe7 21.Nf2 Qf7 22.Nh3 
Rd8 23.g5 Bc8 24.gxf6 Bxh3+ 25.Rxh3 Nxf6 26.h5 Nxh5 27.Rxh5 gxh5 28.Nf5 
Qg6+ 29.Kh2 Kh8 30.Bc2 Bf8 31.Rg1 Qf7 32.Qg2 Rdc8 33.Bg5 Nd7 34.Bd3 h6 35.
Bh4 Rc1 36.Bf1 Kh7 37.Bf2 R1c2 38.Kh1 Rxb2 39.Bd3 Rxa2 40.Qg3 Rc3 41.Bb1 
Raa3 42.Nxd6 Bxd6 0-1

[Event "Xtracon Chess Open 2018"]
[Site "Elsinore"]
[Date "2018.07.24"]
[Round "5"]
[White "Nesse, David"]
[Black "Svendsen, Mads O."]
[Result "0-1"]
[WhiteElo "1825"]
[BlackElo "2030"]
[EventDate "2018.07.21"]
[WhiteFideId "1519875"]
[BlackFideId "1411780"]

1.e4 c5 2.Nf3 d6 3.d4 cxd4 4.Nxd4 Nf6 5.Nc3 g6 6.Be3 Bg7 7.f3 O-O 8.Qd2 
Nc6 9.O-O-O Bd7 10.h4 a6 11.Qf2 b5 12.Nxc6 Bxc6 13.e5 Ne8 14.h5 Bxe5 15.
Bh6 Bg7 16.hxg6 fxg6 17.Qh4 Bxh6+ 18.Qxh6 Rf7 19.Bd3 Rg7 20.Ne2 e5 21.Ng3 
Qf6 22.Be4 Rc8 23.Rh4 Bxe4 24.Nxe4 Qf5 25.g4 Qxf3 26.g5 Rgc7 27.Rd2 Qf1+ 
28.Rd1 Rxc2+ 29.Kb1 Qxd1# 0-1

[Event "Xtracon Chess Open 2018"]
[Site "Elsinore"]
[Date "2018.07.24"]
[Round "5"]
[White "Kleimark, Anders"]
[Black "Lunde, Sigmund"]
[Result "1-0"]
[WhiteElo "2024"]
[BlackElo "1863"]
[EventDate "2018.07.21"]
[WhiteFideId "1709968"]
[BlackFideId "1511351"]

1.d4 d5 2.c4 c6 3.Nf3 Nf6 4.e3 g6 5.Nc3 Bg7 6.Be2 Nbd7 7.cxd5 cxd5 8.Qb3 
Qb6 9.Nxd5 Nxd5 10.Qxd5 Qb4+ 11.Bd2 Qxb2 12.O-O a6 13.Rfc1 Nf6 14.Qe5 Qb6 
15.Rab1 Qe6 16.Qa5 O-O 17.Rb6 Qd5 18.Qa3 Nd7 19.Rbb1 Bf6 20.Bc4 Qe4 21.Bd3
Qd5 22.e4 Qd6 23.Bb4 Qf4 24.e5 Bg7 25.h3 Re8 26.Bd2 1-0

[Event "Xtracon Chess Open 2018"]
[Site "Elsinore"]
[Date "2018.07.24"]
[Round "5"]
[White "Ponomarev, Denis"]
[Black "Roder, Peter Ulrik"]
[Result "1/2-1/2"]
[WhiteElo "1797"]
[BlackElo "2021"]
[EventDate "2018.07.21"]
[WhiteFideId "44136650"]
[BlackFideId "1402471"]

1.e4 c5 2.Nf3 d6 3.d4 cxd4 4.Nxd4 Nf6 5.Nc3 a6 6.Be2 e5 7.Nb3 Nc6 8.O-O 
Be7 9.Bg5 Be6 10.Bxf6 Bxf6 11.Nd5 Bxd5 12.Qxd5 Qc7 13.c4 O-O 14.Qd2 a5 15.
Bd3 a4 16.Nc1 Nd4 17.Ne2 Nxe2+ 18.Bxe2 Qb6 19.Rfd1 Rfd8 20.Rab1 h6 21.g3 
Bg5 22.Qc2 Qc6 23.Rd5 b6 24.h4 Be7 25.Qd2 Rac8 26.Qe3 Qb7 27.Rbd1 Rc5 28.
Kh2 Qa6 29.Qf3 Qc8 1/2-1/2

[Event "Xtracon Chess Open 2018"]
[Site "Elsinore"]
[Date "2018.07.24"]
[Round "5"]
[White "Lalla, Karol"]
[Black "Bremer, Erik"]
[Result "1-0"]
[WhiteElo "1580"]
[BlackElo "1476"]
[EventDate "2018.07.21"]
[WhiteFideId "12947407"]
[BlackFideId "1411578"]

1.d4 d5 2.f4 e6 3.Nf3 Nf6 4.e3 c5 5.c3 Nc6 6.Bd3 Be7 7.O-O O-O 8.Bd2 Qc7 
9.Ne5 a5 10.Be1 Rd8 11.Bh4 g6 12.Nd2 Nh5 13.Bxe7 Qxe7 14.Rf3 Ng7 15.Rh3 
Nf5 16.g4 Nd6 17.dxc5 Ne4 18.Nxc6 bxc6 19.Bxe4 dxe4 20.Qe2 f5 21.Nb3 Ba6 
22.Qg2 a4 23.Nd4 Rac8 24.gxf5 exf5 25.Nxf5 Qd7 26.Nd6 Rb8 27.Nxe4 Qd3 28.
Nf6+ Kg7 29.Rxh7+ Kxf6 30.Qg5+ Ke6 31.Qe5# 1-0

[Event "Xtracon Chess Open 2018"]
[Site "Elsinore"]
[Date "2018.07.24"]
[Round "5"]
[White "Larsen, Ulrik"]
[Black "Berg, Margar M."]
[Result "1-0"]
[WhiteElo "2011"]
[BlackElo "1859"]
[EventDate "2018.07.21"]
[WhiteFideId "1441167"]
[BlackFideId "7200021"]

1.e4 c5 2.Nf3 d6 3.d4 cxd4 4.Nxd4 Nf6 5.Nc3 a6 6.Bc4 b5 7.Bb3 Bb7 8.O-O e6
9.Re1 Qc7 10.Bg5 Nc6 11.Nd5 exd5 12.Nxc6 dxe4 13.Nb4 a5 14.Nd5 Nxd5 15.
Bxd5 f5 16.Qd4 Rb8 17.Bf4 Bxd5 18.Qxd5 g6 19.Rad1 Qc4 20.Qd2 Rd8 21.Qxa5 
d5 22.Be5 Rg8 23.Qb6 Be7 24.Qe6 Rf8 25.b3 Qc8 26.Qb6 Qd7 27.c4 Bb4 28.Rxd5
Bxe1 29.Rxd7 Rxd7 30.Qxb5 Ke7 31.Qc5+ Kf7 32.g3 Rfd8 33.Qc6 Ke8 34.Qe6+ 
Re7 35.Qc6+ Kf7 36.Bf6 Re6 37.Qc7+ Kxf6 38.Qxd8+ Re7 39.c5 Kf7 40.c6 e3 
41.fxe3 1-0

[Event "Xtracon Chess Open 2018"]
[Site "Elsinore"]
[Date "2018.07.24"]
[Round "5"]
[White "Halberg, Jesper"]
[Black "Rasmussen, Ken L."]
[Result "1/2-1/2"]
[WhiteElo "1702"]
[BlackElo "2009"]
[EventDate "2018.07.21"]
[WhiteFideId "1451278"]
[BlackFideId "1443933"]

1.d4 d5 2.Bf4 c5 3.e3 Nc6 4.c3 Nf6 5.Nd2 Bf5 6.Ngf3 e6 7.Qb3 Qb6 8.Nh4 
Qxb3 9.Nxb3 c4 10.Nxf5 exf5 11.Nd2 Nh5 12.Be2 Nxf4 13.exf4 Bd6 14.g3 Kd7 
15.O-O b5 16.Bf3 Ne7 17.Rfe1 Rab8 18.a3 Rhc8 19.Nf1 Kc6 20.Ne3 a5 21.a4 b4
22.Nxc4 bxc3 23.bxc3 Kd7 24.Nxd6 Kxd6 25.Rac1 1/2-1/2

[Event "Xtracon Chess Open 2018"]
[Site "Elsinore"]
[Date "2018.07.24"]
[Round "5"]
[White "Kristensen, Thomas Overgaard"]
[Black "Khlopushin, Dmitriy"]
[Result "0-1"]
[WhiteElo "1696"]
[BlackElo "2000"]
[EventDate "2018.07.21"]
[WhiteFideId "1419803"]
[BlackFideId "44147864"]

1.d4 d5 2.c4 e6 3.Nc3 Nf6 4.cxd5 exd5 5.Bg5 c6 6.e3 Qb6 7.Qd2 Ne4 8.Nxe4 
dxe4 9.Ne2 Bb4 10.Nc3 Na6 11.Bc4 Nc7 12.O-O Qa5 13.Bh4 Nd5 14.Rfc1 O-O 15.
a3 Bxc3 16.bxc3 Re8 17.Qb2 Re6 18.Ba2 Rg6 19.c4 Nf6 20.Bg3 Qg5 21.Qb4 Nh5 
22.d5 Nxg3 23.hxg3 Rh6 24.Kf1 Bg4 25.Ke1 Qf5 26.Qxb7 Rf8 27.Qxa7 cxd5 28.
cxd5 Rh1+ 29.Kd2 Qxf2+ 30.Kc3 Rxc1+ 31.Rxc1 Qxa2 32.Rf1 Rc8+ 33.Kd4 Qc4+ 
0-1

[Event "Xtracon Chess Open 2018"]
[Site "Elsinore"]
[Date "2018.07.24"]
[Round "5"]
[White "Jensen, Michael Agermose"]
[Black "Kopperberg, Steen"]
[Result "1-0"]
[WhiteElo "1999"]
[BlackElo "1856"]
[EventDate "2018.07.21"]
[WhiteFideId "1408216"]
[BlackFideId "1433768"]

1.e4 e6 2.d4 d5 3.Nc3 dxe4 4.Nxe4 Bd7 5.Nf3 Bc6 6.Neg5 Be7 7.Bc4 Bxg5 8.
Bxg5 Qd6 9.O-O Bxf3 10.Qxf3 c6 11.Rfe1 Nd7 12.d5 cxd5 13.Bxd5 Rb8 14.Rad1 
Qb6 15.Bxe6 fxe6 16.Rxd7 Nf6 17.Rxg7 Rf8 18.Bxf6 Rf7 19.Rxf7 Kxf7 20.Bd4+ 
1-0

[Event "Xtracon Chess Open 2018"]
[Site "Elsinore"]
[Date "2018.07.24"]
[Round "5"]
[White "Schmied, Andreas"]
[Black "Amin, Idris"]
[Result "1-0"]
[WhiteElo "1997"]
[BlackElo "1855"]
[EventDate "2018.07.21"]
[WhiteFideId "4625897"]
[BlackFideId "1746022"]

1.Nf3 g6 2.d4 Bg7 3.e4 d6 4.Bc4 Nf6 5.Qe2 O-O 6.O-O c6 7.Bb3 a5 8.a4 Na6 
9.c3 c5 10.Na3 cxd4 11.cxd4 Bd7 12.e5 Ne8 13.e6 fxe6 14.Bxe6+ Bxe6 15.
Qxe6+ Kh8 16.Ng5 Qc8 17.Nf7+ Kg8 18.Nh6+ Kh8 19.Qg8+ 1-0

[Event "Xtracon Chess Open 2018"]
[Site "Elsinore"]
[Date "2018.07.24"]
[Round "5"]
[White "Bering, Anders"]
[Black "Sjol, Henrik"]
[Result "1-0"]
[WhiteElo "1995"]
[BlackElo "1841"]
[EventDate "2018.07.21"]
[WhiteFideId "1405810"]
[BlackFideId "1505629"]

1.d4 d5 2.c4 dxc4 3.Nf3 Nf6 4.e3 e6 5.Bxc4 a6 6.a4 c5 7.O-O Nc6 8.Qe2 cxd4
9.Rd1 Qc7 10.exd4 Be7 11.Nc3 O-O 12.Bg5 Bd7 13.d5 Nxd5 14.Rxd5 exd5 15.
Nxd5 Qb8 16.Nxe7+ Nxe7 17.Qxe7 Qe8 18.Qd6 Be6 19.Bxe6 fxe6 20.Re1 h6 21.
Rxe6 Qxa4 22.Bxh6 Rad8 23.Qg3 Rd1+ 24.Re1 Qd7 25.Rf1 Rxf1+ 26.Kxf1 Qd3+ 
27.Ke1 Qb1+ 28.Ke2 Qxb2+ 29.Nd2 Qb5+ 30.Ke1 Re8+ 31.Be3 a5 32.Qc7 a4 33.
Qc2 a3 34.Qa2+ Kh7 35.Qxa3 Qc6 36.Nf3 Qg6 37.Qc5 Qb1+ 38.Kd2 Rd8+ 39.Nd4 
Qg6 40.Qc2 Qxc2+ 41.Kxc2 Kg6 42.h4 Rd5 43.Kb3 Kf7 44.Kc4 Ra5 45.g3 Kg6 46.
Ne6 Ra1 47.Bd4 Rc1+ 48.Kd5 Rd1 49.Nxg7 b5 50.Ne6 Kf5 51.Nc5 Kg4 52.Ne4 Rc1
53.Nc3 b4 54.Na2 Rb1 55.Kc4 b3 56.Nc3 Rb2 57.Na4 Rb1 58.Nb2 Re1 59.Kxb3 
Re8 60.Kc4 Rd8 61.Kd3 Rd7 62.Nc4 Rd8 63.Ke4 Re8+ 64.Ne5+ Kh5 65.Be3 Ra8 
66.Bg5 Ra4+ 67.Kf5 Rf4+ 68.Ke6 Rf6+ 69.Bxf6 1-0

[Event "Xtracon Chess Open 2018"]
[Site "Elsinore"]
[Date "2018.07.24"]
[Round "5"]
[White "Langvik, Ulrikke"]
[Black "Rasmussen, Lars Garne"]
[Result "0-1"]
[WhiteElo "1640"]
[BlackElo "1995"]
[EventDate "2018.07.21"]
[WhiteFideId "1517910"]
[BlackFideId "1406434"]

1.d4 d5 2.c4 dxc4 3.e3 Be6 4.Bxc4 Bxc4 5.Qa4+ b5 6.Qc2 e6 7.Nf3 Nf6 8.e4 
Nc6 9.b3 Nb4 10.Qd2 Nxe4 11.Qf4 Nd3+ 0-1

[Event "Xtracon Chess Open 2018"]
[Site "Elsinore"]
[Date "2018.07.24"]
[Round "5"]
[White "Koellner, Aaron Noah"]
[Black "Satre, Roger"]
[Result "0-1"]
[WhiteElo "1992"]
[BlackElo "1834"]
[EventDate "2018.07.21"]
[WhiteFideId "12993085"]
[BlackFideId "1510320"]

1.d4 Nf6 2.Bg5 c5 3.Bxf6 gxf6 4.d5 Qb6 5.Qc1 f5 6.c4 Bh6 7.e3 f4 8.exf4 
Bxf4 9.Qxf4 Qxb2 10.Ne2 Qxa1 11.Nc3 d6 12.Qd2 a6 13.Bd3 b5 14.cxb5 axb5 
15.Bxb5+ Bd7 16.Bxd7+ Nxd7 17.O-O Rb8 18.Re1 Ne5 19.Qg5 Kd7 20.f4 Nf3+ 21.
gxf3 Rbg8 22.Rxe7+ Kd8 23.Rb7+ Rxg5+ 24.fxg5 Re8 25.Kf2 Re7 26.Rb3 Kc8 27.
h4 Rb7 28.Rxb7 Kxb7 29.Kg3 Qb2 30.h5 Kc8 31.f4 Kd8 32.h6 Qc2 33.Kg4 Ke7 
34.a4 f6 35.a5 Qg2+ 36.Kf5 Qh3+ 37.Ke4 f5# 0-1

[Event "Xtracon Chess Open 2018"]
[Site "Elsinore"]
[Date "2018.07.24"]
[Round "5"]
[White "Slettebo, Jan"]
[Black "Rolstad, Morten"]
[Result "0-1"]
[WhiteElo "1987"]
[BlackElo "1805"]
[EventDate "2018.07.21"]
[WhiteFideId "1704958"]
[BlackFideId "1525026"]

1.e4 e5 2.Nf3 Nc6 3.Bc4 Bc5 4.O-O Nf6 5.d4 Bxd4 6.Nxd4 Nxd4 7.f4 d6 8.c3 
Be6 9.Bd3 Nc6 10.f5 Bd7 11.Bg5 Qe7 12.Na3 O-O-O 13.Nc4 Rdg8 14.Ne3 Qf8 15.
b4 Ne7 16.Qf3 Ne8 17.Bc4 h6 18.Bh4 g5 19.fxg6 Nxg6 20.Bg3 Be6 21.Qe2 Qe7 
22.Nf5 Qd8 23.Bb3 h5 24.h3 0-1

[Event "Xtracon Chess Open 2018"]
[Site "Elsinore"]
[Date "2018.07.24"]
[Round "5"]
[White "Rosell, Sven"]
[Black "Rygg, Andreas Gangstad"]
[Result "1/2-1/2"]
[WhiteElo "1983"]
[BlackElo "1759"]
[EventDate "2018.07.21"]
[WhiteFideId "1707760"]
[BlackFideId "1527754"]

1.c4 Nf6 2.Nc3 d5 3.cxd5 Nxd5 4.g3 g6 5.Bg2 Nxc3 6.bxc3 Bg7 7.h4 h5 8.Nh3 
Nd7 9.Ba3 Nb6 10.Nf4 O-O 11.Qb3 Kh8 12.d4 c6 13.O-O Bd7 14.e4 Rb8 15.e5 
Nc8 16.Be4 b5 17.e6 Bxe6 18.Nxe6 fxe6 19.Bxg6 Nb6 20.Qd1 Qd5 21.Qxh5+ Qxh5
22.Bxh5 Nd5 23.Rac1 Rf6 24.Bc5 Rbf8 25.Rce1 Bh6 26.f4 Rg8 27.Kh2 Bxf4 28.
gxf4 Rh6 29.Re5 Nf6 30.Bxe7 Nxh5 31.Bg5 Rhg6 32.Kh3 Rf8 33.Kh2 Nf6 34.Rc5 
Ne4 35.Rxc6 Nxg5 36.hxg5 Rxg5 37.fxg5 Rxf1 38.Rc8+ Kg7 39.Rc7+ Kg6 40.Rxa7
Kxg5 41.Ra5 Kf4 42.Kg2 Rc1 43.Rxb5 Rxc3 44.Rc5 Rxc5 45.dxc5 Ke5 46.Kf3 
1/2-1/2

[Event "Xtracon Chess Open 2018"]
[Site "Elsinore"]
[Date "2018.07.24"]
[Round "5"]
[White "Preuss, Flemming"]
[Black "Woltery, Nicolai"]
[Result "0-1"]
[WhiteElo "1971"]
[BlackElo "1715"]
[EventDate "2018.07.21"]
[WhiteFideId "1403338"]
[BlackFideId "436887"]

1.f4 c5 2.Nf3 g6 3.g3 Bg7 4.Bg2 Nf6 5.d3 O-O 6.e4 d6 7.O-O Nc6 8.h3 Rb8 9.
g4 b5 10.Nc3 b4 11.Ne2 a5 12.Be3 a4 13.Rb1 Ba6 14.Ng3 Ne8 15.f5 Nc7 16.Qd2
Nb5 17.Bh6 f6 18.fxg6 hxg6 19.Bxg7 Kxg7 20.Nh4 Rh8 21.Qf2 Rxh4 22.Nf5+ 
gxf5 23.Qxh4 Qh8 24.Qg3 fxg4 25.Qxg4+ Kf8 26.Rf4 Ne5 27.Qg3 Nd4 28.Re1 
Nxc2 29.Ref1 Qg7 30.Rg4 Nxg4 31.hxg4 Nd4 32.Rf2 Qg5 33.e5 dxe5 34.Qh3 Kg7 
35.Be4 Rh8 36.Qg3 Rh4 37.Rg2 Bc8 0-1

[Event "Xtracon Chess Open 2018"]
[Site "Elsinore"]
[Date "2018.07.24"]
[Round "5"]
[White "Rossen, Claus"]
[Black "Ji, Jiahao Eric"]
[Result "1-0"]
[WhiteElo "2168"]
[BlackElo "1463"]
[EventDate "2018.07.21"]
[WhiteFideId "1403222"]
[BlackFideId "1533371"]

1.e4 c5 2.Nc3 d6 3.f4 Nf6 4.Nf3 e6 5.Bb5+ Nbd7 6.O-O a6 7.Bxd7+ Bxd7 8.Qe1
b5 9.d3 Be7 10.e5 dxe5 11.fxe5 Nd5 12.Qg3 Bf8 13.Ng5 f6 14.Nxd5 exd5 15.
Nxh7 Kf7 16.exf6 1-0

[Event "Xtracon Chess Open 2018"]
[Site "Elsinore"]
[Date "2018.07.24"]
[Round "5"]
[White "Hafstad, Leif"]
[Black "Nielsen, Thomas Bach"]
[Result "1/2-1/2"]
[WhiteElo "1817"]
[BlackElo "2111"]
[EventDate "2018.07.21"]
[WhiteFideId "438030"]
[BlackFideId "1401785"]

1.e4 c6 2.d4 d5 3.Nd2 dxe4 4.Nxe4 Bf5 5.Ng3 Bg6 6.Nh3 e6 7.Nf4 Bd6 8.c3 
Nf6 9.Bc4 Nbd7 10.Qf3 Nb6 11.Bb3 Nbd5 12.Nxg6 hxg6 13.Bg5 Be7 14.Ne2 a5 
15.O-O a4 16.Bc2 Qc7 17.g3 Nh5 18.Bxe7 Qxe7 19.Rfe1 Qg5 20.c4 Nb4 21.Be4 
Nf6 22.Nc3 O-O 23.a3 Na6 24.Nxa4 Rad8 25.Rad1 b5 26.Nc3 bxc4 27.Bxc6 Nc7 
28.Re5 Qh6 29.d5 exd5 30.Nxd5 Ncxd5 31.Bxd5 Qh3 32.Re7 Qc8 33.Ree1 Nxd5 
34.Rxd5 Qb7 35.Red1 Rxd5 1/2-1/2

[Event "Xtracon Chess Open 2018"]
[Site "Elsinore"]
[Date "2018.07.24"]
[Round "5"]
[White "Koellner, Felicitas Ophelia"]
[Black "Pallesen, Jacob"]
[Result "1/2-1/2"]
[WhiteElo "1815"]
[BlackElo "2058"]
[EventDate "2018.07.21"]
[WhiteFideId "16207521"]
[BlackFideId "1404881"]

1.d4 Nf6 2.Bg5 g6 3.Bxf6 exf6 4.g3 Bg7 5.Bg2 d6 6.e3 O-O 7.Ne2 f5 8.O-O 
Nd7 9.Nd2 Nf6 10.c4 Re8 11.Rc1 c6 12.b4 Bd7 13.a4 Ne4 14.Qc2 Nxd2 15.Qxd2 
Rb8 16.b5 Qc7 17.Nf4 h5 18.h4 Bh6 19.Nd3 Rbd8 20.Qc2 c5 21.dxc5 dxc5 22.
Rcd1 Be6 23.Nb2 b6 24.Bc6 Rxd1 25.Rxd1 Rd8 26.Rxd8+ Qxd8 27.Nd3 Qf6 
1/2-1/2

[Event "Xtracon Chess Open 2018"]
[Site "Elsinore"]
[Date "2018.07.24"]
[Round "5"]
[White "Kristian, Pade Frederiksen"]
[Black "Greeuw, Sietske"]
[Result "0-1"]
[WhiteElo "1808"]
[BlackElo "1998"]
[EventDate "2018.07.21"]
[WhiteFideId "1435205"]
[BlackFideId "1020285"]

1.d4 Nf6 2.c4 g6 3.Nc3 d5 4.cxd5 Nxd5 5.e4 Nxc3 6.bxc3 Bg7 7.Bc4 c5 8.Ne2 
Nc6 9.Be3 O-O 10.O-O Qc7 11.Rc1 Rd8 12.Qe1 a6 13.f3 Bd7 14.Qf2 Qa5 15.Rfd1
e6 16.Rd2 Rac8 17.dxc5 Ne5 18.Bb3 Bb5 19.Rxd8+ Rxd8 20.Qh4 Bxe2 0-1